000 00375 a2200169 4500
001 175163
020 _a85-262-4682-8
040 _cMagnum
100 _aSanta Rosa, Nereide Schilaro
240 1 0 _aA arte de olhar crianças
_lpor
245 1 0 _aA arte de olhar crianças
300 _a48
362 0 _a2003
440 1 _aScipione
697 _aMISCELÂNEA
942 _cBK
999 _c175163
_d175163